Logos: Music Companies - UK Record Labels (Picture Quiz) - Statistics

General Stats
  • This quiz has been taken 49 times
  • The average score is 7 of 16
Answer Stats
Picture Answer % Correct
Rough Trade
88%
Two-Tone
73%
4AD
65%
Cherry Red
65%
Stiff
65%
Backs
53%
Factory
53%
Too Pure
45%
Mute
43%
Food
40%
Fierce Panda
33%
Beggars Banquet
28%
Postcard
23%
Radar
23%
Small Wonder
20%
Merciful Release
15%
No matching quizzes found
Score Distribution
Percent of People with Each Score
Percentile by Number Answered
Your Score History
You have not taken this quiz